000 00435nam a2200181Ia 4500
001 7372
005 20260306160450.0
008 260306t2019||||xx |||||||||||||| ||spa||
041 _aESP
082 _a338.7
_bW19
100 _aWaldman, E.
_eAUT
245 0 _aIndustrial Organization:
_btheory and practice
260 _c2019
300 _axx, 723 páginas :
_c24 cm.
650 _aGEN
654 _aCII
942 _cLIB
_dJUS
_fJUS
_2ddc
_n
999 _c7372
_d7372